Endodontics : (Record no. 25639)

MARC details
000 -LEADER
fixed length control field 00865cam a22002655a 4500
001 - CONTROL NUMBER
control field 14896476
005 - DATE AND TIME OF LATEST TRANSACTION
control field 20171122121828.0
006 - FIXED-LENGTH DATA ELEMENTS--ADDITIONAL MATERIAL CHARACTERISTICS--GENERAL INFORMATION
fixed length control field m||||f ||z 00| 0
008 - FIXED-LENGTH DATA ELEMENTS--GENERAL INFORMATION
fixed length control field 070619t2009 moua frb 001 0 eng d
020 ## - INTERNATIONAL STANDARD BOOK NUMBER
International Standard Book Number 9781416038511
040 ## - CATALOGING SOURCE
Original cataloging agency DLC
Transcribing agency DLC
Modifying agency DLC
-- EG-ScBUE
Language of cataloging eng
082 04 - DEWEY DECIMAL CLASSIFICATION NUMBER
Edition number 22
Classification number 617.6342
Item number WAL
100 1# - MAIN ENTRY--PERSONAL NAME
Personal name Walton, Richard E.,
Dates associated with a name 1939-
245 10 - TITLE STATEMENT
Title Endodontics :
Remainder of title principles and practice /
Statement of responsibility, etc Mahmoud Torabinejad, Richard E. Walton.
250 ## - EDITION STATEMENT
Edition statement 4th ed.
260 ## - PUBLICATION, DISTRIBUTION, ETC. (IMPRINT)
Place of publication, distribution, etc St. Louis :
Name of publisher, distributor, etc Saunders / Elsevier,
Date of publication, distribution, etc c.2009.
300 ## - PHYSICAL DESCRIPTION
Extent xv, 474 p. :
Other physical details ill. (some col.) ;
Dimensions 29 cm. +
Accompanying material 1 DVD-ROM (4 3/4 in.)
504 ## - BIBLIOGRAPHY, ETC. NOTE
Bibliography, etc Includes bibliographical references and index.
650 #7 - SUBJECT ADDED ENTRY--TOPICAL TERM
Topical term or geographic name as entry element Endodontics.
Source of heading or term BUEsh
9 (RLIN) 32092
651 ## - SUBJECT ADDED ENTRY--GEOGRAPHIC NAME
Source of heading or term BUEsh
653 ## - INDEX TERM--UNCONTROLLED
Resource For college
Arrived date list November2017
700 1# - ADDED ENTRY--PERSONAL NAME
Personal name Torabinejad, Mahmoud.
9 (RLIN) 39503
942 ## - ADDED ENTRY ELEMENTS (KOHA)
Source of classification or shelving scheme Dewey Decimal Classification
Holdings
Withdrawn status Item status Source of classification or shelving scheme Damaged status Not for loan Home library Current library Shelving location Date acquired Source of acquisition Serial Enumeration / chronology Total Checkouts Total Renewals Full call number Barcode Date last seen Date last borrowed Koha item type Vendor
    Dewey Decimal Classification     Central Library Central Library First floor 22/11/2017 Purchase 0000485 5 59 617.6342 WAL 000042540 15/07/2025 09/10/2021 Book - Borrowing  
    Dewey Decimal Classification     Central Library Central Library First floor 22/11/2017 Purchase 0000485 1 1 617.6342 WAL 000042541 24/08/2022 26/10/2019 CD | DVD - With book